Foo Fighters Band Members - Statistics

General Stats
  • This quiz has been taken 27 times
  • The average score is 6 of 10
Answer Stats
Instrument Years Answer % Correct
Rhythm Guitar, Lead Vocals 1995-Present Dave Grohl
100%
Drums 1997-2022 Taylor Hawkins
89%
Rhythm Guitar 1995-1997, 2010-Present Pat Smear
74%
Lead Guitar 1999-Present Chris Shiflett
63%
Bass Guitar 1995-Present Nate Mendel
63%
Drums 2023-2025 Josh Freese
53%
Keyboards 2017-Present Rami Jaffee
47%
Drums 1995-1997 William Goldsmith
42%
Rhythm Guitar 1997-1999 Franz Stahl
37%
Drums 2025-Present Ilan Rubin
37%
No matching quizzes found
Score Distribution
Percent of People with Each Score
Percentile by Number Answered
Your Score History
You have not taken this quiz